| 000 | 00943nam a2200229Ia 4500 | ||
|---|---|---|---|
| 001 | 21607 | ||
| 005 | 20260416142955.0 | ||
| 008 | 260320s9999||||xx |||||||||||||| ||und|| | ||
| 041 | _aESP | ||
| 082 |
_a658.3 _bCH548 |
||
| 100 |
_aChiavenato, Idalberto, _eAUT |
||
| 245 | 0 | _aAdministración de recursos humano | |
| 250 | _aPrimera edición | ||
| 260 |
_a[Lugar de publicación no identificado] : _b[Editor no identificado], _c1988 |
||
| 300 |
_a578 páginas : _bcuadros, gráficos ; _c21 cm. |
||
| 650 | _aTCA | ||
| 653 | _aAdministración de personal; Desarrollo de recursos humanos; Desarrollo organizacional | ||
| 654 | _aCAN | ||
| 856 |
_uhttps://0u213wqxp-y-https-ebooks7--24-com.itmsp.museknowledge.com/biblioteca.aspx _zVéase además: Base de datos Ebook7-24 |
||
| 856 |
_uhttps://0u20fwqxt-y-https-research-ebsco-com.itmsp.museknowledge.com/c/qxo6us/search _zVéase además: Base de datos EBSCOhost |
||
| 942 |
_cLIB _dJUS _fMAT _2ddc |
||
| 999 |
_c21607 _d21607 |
||